000 00375 a2200145 4500
003 OSt
005 20180116182619.0
008 160425b xxu||||| |||| 00| 0 eng d
022 _a0852974574
040 _c0
100 _aBrian Coyle
245 _aHybrid Finanical Instruments
260 _aCanterbury
_bFinancial World Publishing
_c2000
942 _aNBS
_cBK
_k658.15 COY
_2ddc
999 _c342746
_d342746